| 000 | 00716nam a22002055i 4500 | ||
|---|---|---|---|
| 001 | 166424 | ||
| 003 | ES-MaACL | ||
| 005 | 20240126063022.0 | ||
| 008 | 980429q18901900sp |||| | spa d | ||
| 040 |
_aAS _bspa _cAS |
||
| 100 | 1 |
_aTolstói, Lev, _d1828-1910 _9110489 |
|
| 245 | 1 | 0 |
_aRecuerdos de mi infancia / _cpor el Conde León Tolstoy. |
| 260 |
_aMadrid : _bLa España Moderna, _c[s.a.] ( _fAgustín Aurial) |
||
| 300 |
_a331 p. ; _c17 cm. |
||
| 490 | 1 | _aColección de libros escogidos | |
| 596 | _aLa Colección de libros escogidos de la España Moderna se publica entre 1890-1900. | ||
| 830 | 0 |
_aColección de libros escogidos _9181858 |
|
| 852 |
_aES-MaACL _jA-4702 _z-- Rust. |
||
| 999 |
_c166424 _d166424 |
||